Central Library OPAC University of Rajshahi

Mythologies / (Record no. 21523)

MARC details
000 -LEADER
fixed length control field 00935nam a2200277 a 4500
001 - CONTROL NUMBER
control field 21523
003 - CONTROL NUMBER IDENTIFIER
rucl marc code BD-RjUL
005 - DATE AND TIME OF LATEST TRANSACTION
control field 20211209000709.0
008 - FIXED-LENGTH DATA ELEMENTS--GENERAL INFORMATION
fixed length control field 140304r1962nyu 000 0 eng d
020 ## - INTERNATIONAL STANDARD BOOK NUMBER
Canceled/invalid ISBN 0020556206
035 ## - SYSTEM CONTROL NUMBER
System control number (BD-RjUL)21587
System control number (BD-RjUL)21587
040 ## - CATALOGING SOURCE
Original cataloging agency BD-RjUL
Language of cataloging eng
Transcribing agency BD-RjUL
Modifying agency BD-RjUL
041 ## - LANGUAGE CODE
Language code of text/sound track or separate title eng
082 ## - DEWEY DECIMAL CLASSIFICATION NUMBER
Classification number 828.91
Author mark and year YEM 1962
090 ## - LOCALLY ASSIGNED LC-TYPE CALL NUMBER (OCLC); LOCAL CALL NUMBER (OCLC)
Classification number (OCLC) (R) ; Classification number, CALL (RLIN) (NR) PR5902
Local cutter number (OCLC) ; Book number/undivided call number, CALL (RLIN) .M27 1969
100 1# - MAIN ENTRY--PERSONAL NAME
Personal name Yeats, W. B.
Fuller form of name (William Butler),
Dates associated with a name 1865-1939.
9 (RLIN) 66470
245 10 - TITLE STATEMENT
Title Mythologies /
Statement of responsibility, etc. W. B. Yeats
260 ## - PUBLICATION, DISTRIBUTION, ETC. (IMPRINT)
Place of publication, distribution, etc. New York :
Name of publisher, distributor, etc. Collier Books,
Date of publication, distribution, etc. 1962.
300 ## - PHYSICAL DESCRIPTION
Pagination vii, 368 p :
Size 21 cm.
500 ## - GENERAL NOTE
General note Originally published: London : Macmillan, 1959.
505 0# - FORMATTED CONTENTS NOTE
Formatted contents note The celtic twilight -- The secret rose -- Stories of Red Hanrahan -- Rosa Alchemica -- The Tables of the law -- The adoration of the Magi -- Per amica silentia lunae
650 #0 - SUBJECT ADDED ENTRY--TOPICAL TERM
Topical term or geographic name as entry element Folklore, Irish.
9 (RLIN) 66471
942 ## - ADDED ENTRY ELEMENTS (KOHA)
Source of classification or shelving scheme Dewey Decimal Classification
Koha item type Books
Holdings
Lost status Source of classification or shelving scheme Damaged status Not for loan Collection code Permanent Location Current Location Shelving location Date acquired Source of acquisition Cost, normal purchase price Total Checkouts Full call number Date last seen Copy number Koha item type
  Dewey Decimal Classification     Fiction Central Library, University of Rajshahi Central Library, University of Rajshahi   09/03/1964 Zeittinger 25.00   828.91 YEM 1962 04/03/2014 C-2 Books
  Dewey Decimal Classification   Added to bundle Fiction Central Library, University of Rajshahi Central Library, University of Rajshahi Reading Room 09/03/1964 Zeitlinger 25.00   828.91 YEM 1962 05/03/2014 C-1 Books
  Dewey Decimal Classification     Non-fiction Central Library, University of Rajshahi Central Library, University of Rajshahi General Stacks 02/11/1968 Zeitlinger 35.00   828.91 YEM 1962 21/07/2025 C-3 Books